[Event "BPB Limburg-open C"]
[Site "Maastricht"]
[Date "2015.05.25"]
[Round "7"]
[White "Overmeer, Henk"]
[Black "Eijkenboom, Raph"]
[Result "1-0"]
[WhiteElo "1644"]
[BlackElo "1226"]
[PlyCount "77"]
[EventDate "2015.05.22"]
[EventType "swiss"]
[EventRounds "7"]
[EventCountry "NED"]
[Source "P.Boonen"]
[SourceDate "2015.01.01"]

1. d4 d5 2. c4 c6 3. cxd5 cxd5 4. a3 a6 5. g3 Nf6 6. Bg2 e6 7. Nc3 Nc6 8. Bg5
Be7 9. Nh3 h6 10. Bxf6 Bxf6 11. e3 O-O 12. O-O Re8 13. Nf4 Bd7 14. Rc1 Rc8 15.
Re1 g6 16. h4 Bg7 17. b4 b5 18. Qb3 Qe7 19. Rcd1 Red8 20. Nce2 Be8 21. Bh3 Rd6
22. e4 dxe4 23. d5 Ne5 24. Kg2 Rc4 25. dxe6 g5 26. hxg5 hxg5 27. Nd5 Rxd5 28.
Rxd5 g4 29. Bxg4 Nxg4 30. Qd1 fxe6 31. Rd8 Bf6 32. Rxe8+ Qxe8 33. Nf4 Ne5 34.
Rh1 Nf3 35. Rh6 Kg7 36. Qh1 Ng5 37. Nh5+ Kxh6 38. Nxf6+ Qh5 39. Qxh5+ 1-0

[Event "BPB Limburg-open C"]
[Site "Maastricht"]
[Date "2015.05.25"]
[Round "7"]
[White "Overtoom, Reinier"]
[Black "Zhang, Martin"]
[Result "1/2-1/2"]
[WhiteElo "1739"]
[BlackElo "1704"]
[PlyCount "54"]
[EventDate "2015.05.22"]
[EventType "swiss"]
[EventRounds "7"]
[EventCountry "NED"]
[Source "P.Boonen"]
[SourceDate "2015.01.01"]

1. e4 e5 2. Nf3 Nc6 3. Bc4 Nf6 4. d3 Bc5 5. c3 d6 6. h3 h6 7. Nbd2 O-O 8. Nf1
Na5 9. Bb5 a6 10. Ba4 Nc6 11. Qe2 Re8 12. Ng3 b5 13. Bb3 d5 14. O-O Bb7 15. Re1
Qd7 16. Nh4 Bf8 17. Nhf5 Rad8 18. Nh5 Nxh5 19. Qxh5 Ne7 20. Re3 Nxf5 21. exf5
Bc8 22. Rf3 e4 23. dxe4 dxe4 24. Rg3 Qxf5 25. Qxh6 Rd6 26. Qh4 Rg6 27. Rxg6
Qxg6 1/2-1/2

[Event "BPB Limburg-open C"]
[Site "Maastricht"]
[Date "2015.05.25"]
[Round "7"]
[White "Proesmans, Karel"]
[Black "Mollema, Henk"]
[Result "1/2-1/2"]
[WhiteElo "1625"]
[BlackElo "1558"]
[PlyCount "76"]
[EventDate "2015.05.22"]
[EventType "swiss"]
[EventRounds "7"]
[EventCountry "NED"]
[Source "P.Boonen"]
[SourceDate "2015.01.01"]

1. Nc3 g6 2. d4 f5 3. e4 d6 4. Bc4 Nf6 5. f3 Nc6 6. Bg5 Bg7 7. Nge2 fxe4 8.
fxe4 Nxe4 9. Nxe4 d5 10. Bb5 dxe4 11. d5 a6 12. dxc6 Qxd1+ 13. Rxd1 axb5 14.
cxb7 Bxb7 15. Nf4 Bxb2 16. Ne6 Bc3+ 17. Bd2 Be5 18. O-O Bd5 19. Bc3 Bxe6 20.
Bxe5 Rg8 21. Bxc7 Bxa2 22. Ra1 Bd5 23. Rxa8+ Bxa8 24. Rd1 Kf7 25. Rd8 Rxd8 26.
Bxd8 Ke6 27. g3 Kd7 28. Bb6 Bd5 29. c3 Kc6 30. Ba7 Kd6 31. Kf2 Ke5 32. Ke3 Kf5
33. h4 g5 34. hxg5 Kxg5 35. Bb8 Kf5 36. Bc7 Ke6 37. Bb8 Kd7 38. Be5 Kc6 1/2-1/2

[Event "BPB Limburg-open C"]
[Site "Maastricht"]
[Date "2015.05.25"]
[Round "7"]
[White "Raats, Joppe"]
[Black "Nguyen, Lucas"]
[Result "0-1"]
[WhiteElo "1495"]
[BlackElo "1552"]
[PlyCount "105"]
[EventDate "2015.05.22"]
[EventType "swiss"]
[EventRounds "7"]
[EventCountry "NED"]
[Source "P.Boonen"]
[SourceDate "2015.01.01"]

1. e4 c5 2. Nf3 Nc6 3. Nc3 g6 4. d3 Bg7 5. Be3 d6 6. g3 Nf6 7. Bg2 O-O 8. O-O
Be6 9. h3 Rc8 10. Qd2 Qb6 11. a3 Nd7 12. Rab1 a6 13. Kh2 Qc7 14. Bh6 f5 15.
Bxg7 Kxg7 16. Rfe1 Nde5 17. Ng5 Bg8 18. f4 Nd7 19. exf5 Rxf5 20. Bxc6 Qxc6 21.
Rxe7+ Bf7 22. Rxf7+ Rxf7 23. Nxf7 Kxf7 24. Re1 Nf6 25. Qg2 d5 26. Re2 Rd8 27.
Re5 Qd6 28. Kh1 Rd7 29. Kh2 Rd8 30. Qe2 Re8 31. Rxe8 Nxe8 32. Qe5 Qxe5 33. fxe5
Nc7 34. Na4 Ne6 35. Kg2 b5 36. Nb6 Nc7 37. Nd7 c4 38. dxc4 dxc4 39. Nf6 h6 40.
Kf3 Ke6 41. Ke4 a5 42. Ng4 h5 43. Ne3 Na6 44. Kd4 g5 45. g4 h4 46. c3 Nc7 47.
Nf5 Na6 48. Ke4 Nc5+ 49. Kd4 Nd3 50. Nd6 Nf4 51. Nxb5 Nxh3 52. Nd6 Nf2 53. Nf7
0-1

[Event "BPB Limburg-open C"]
[Site "Maastricht"]
[Date "2015.05.25"]
[Round "7"]
[White "Ratniece, Laura"]
[Black "Dethier, Krista"]
[Result "1/2-1/2"]
[WhiteElo "1571"]
[BlackElo "1325"]
[PlyCount "46"]
[EventDate "2015.05.22"]
[EventType "swiss"]
[EventRounds "7"]
[EventCountry "NED"]
[Source "P.Boonen"]
[SourceDate "2015.01.01"]

1. d4 d5 2. c4 e6 3. Bf4 Nf6 4. Nc3 Bb4 5. a3 Bxc3+ 6. bxc3 dxc4 7. Qa4+ Nc6 8.
Qxc4 O-O 9. e3 Re8 10. Nf3 Ne4 11. Bd3 Qd5 12. Qxd5 exd5 13. Bxe4 dxe4 14. Nd2
Re7 15. O-O b5 16. Nb3 Bb7 17. Nc5 Bc8 18. h3 Nd8 19. Rfc1 Ne6 20. Nxe6 Bxe6
21. a4 c6 22. axb5 cxb5 23. Rd1 Bd5 1/2-1/2

[Event "BPB Limburg-open C"]
[Site "Maastricht"]
[Date "2015.05.25"]
[Round "7"]
[White "Ratzkowski, Dirk"]
[Black "De Bruin, Joost"]
[Result "1/2-1/2"]
[WhiteElo "1749"]
[BlackElo "1724"]
[PlyCount "27"]
[EventDate "2015.05.22"]
[EventType "swiss"]
[EventRounds "7"]
[EventCountry "NED"]
[Source "P.Boonen"]
[SourceDate "2015.01.01"]

1. d4 Nf6 2. Nf3 e6 3. Bf4 c5 4. c3 Nc6 5. e3 Be7 6. Nbd2 d5 7. Bd3 b6 8. O-O
Bb7 9. Re1 O-O 10. Ne5 Bd6 11. Ndf3 h6 12. Bb5 Bxe5 13. Nxe5 Ne7 14. Bd3
1/2-1/2

[Event "BPB Limburg-open C"]
[Site "Maastricht"]
[Date "2015.05.25"]
[Round "7"]
[White "Reusink, Hans"]
[Black "Roemhild, Wolfgang"]
[Result "1-0"]
[WhiteElo "1535"]
[BlackElo "1735"]
[PlyCount "85"]
[EventDate "2015.05.22"]
[EventType "swiss"]
[EventRounds "7"]
[EventCountry "NED"]
[Source "P.Boonen"]
[SourceDate "2015.01.01"]

1. e4 e5 2. Nc3 f5 3. exf5 Nf6 4. Nf3 e4 5. Ne5 d6 6. Ng4 Bxf5 7. Ne3 Be6 8. d4
d5 9. f3 Be7 10. Bb5+ c6 11. Be2 exf3 12. Bxf3 O-O 13. O-O Nbd7 14. Ne2 Bd6 15.
Qe1 Qc7 16. Qh4 Rae8 17. Bh5 g6 18. Bf3 Rf7 19. Nc3 Be7 20. Qe1 Bb4 21. Bd2 Bf8
22. Ncd1 c5 23. c3 Qb6 24. dxc5 Nxc5 25. Qh4 Be7 26. Qd4 Qd8 27. b4 Na4 28.
Qxa7 Nb6 29. Qxb7 Nc4 30. Nxc4 Bc5+ 31. bxc5 Rxb7 32. Nd6 Qd7 33. Nxb7 Qxb7 34.
c4 Ne4 35. Bh6 dxc4 36. Nc3 Bf5 37. Rae1 Qd7 38. Nxe4 Bxe4 39. Bxe4 Qd4+ 40.
Kh1 Rc8 41. c6 c3 42. Re3 Qc4 43. Ref3 1-0

[Event "BPB Limburg-open C"]
[Site "Maastricht"]
[Date "2015.05.25"]
[Round "7"]
[White "Rogge, Parcival"]
[Black "Schulte, Philipp"]
[Result "0-1"]
[WhiteElo "1185"]
[BlackElo "1442"]
[PlyCount "78"]
[EventDate "2015.05.22"]
[EventType "swiss"]
[EventRounds "7"]
[EventCountry "NED"]
[Source "P.Boonen"]
[SourceDate "2015.01.01"]

1. d4 d5 2. Nf3 Nf6 3. Bg5 e6 4. e3 Be7 5. Bd3 Nbd7 6. c3 c6 7. Qc2 h6 8. Bh4
O-O 9. Nbd2 Re8 10. O-O-O b6 11. Bg3 Bb7 12. h4 c5 13. Be5 Ng4 14. Bg3 cxd4 15.
exd4 Rc8 16. Kb1 a6 17. Nh2 Nxh2 18. Rxh2 b5 19. Qb3 Qa5 20. Rc1 Nb6 21. Qd1
Nc4 22. Qe2 Nxd2+ 23. Qxd2 b4 24. c4 dxc4 25. Rxc4 Bd5 26. Qc2 Bxc4 27. Bxc4
Bf6 28. Qd3 Qf5 29. Qxf5 exf5 30. b3 Bxd4 31. Kc1 Re1+ 32. Kd2 Bc3+ 33. Kc2 Rd8
34. Bf4 Ra1 35. a4 Ra2+ 36. Kb1 Rxf2 37. Be3 Rd1+ 38. Bc1 Rb2+ 39. Ka1 Rxc1#
0-1

[Event "BPB Limburg-open C"]
[Site "Maastricht"]
[Date "2015.05.25"]
[Round "7"]
[White "Schroeder, Oliver"]
[Black "Heinen, Dai"]
[Result "1-0"]
[WhiteElo "1623"]
[BlackElo "1510"]
[PlyCount "135"]
[EventDate "2015.05.22"]
[EventType "swiss"]
[EventRounds "7"]
[EventCountry "NED"]
[Source "P.Boonen"]
[SourceDate "2015.01.01"]

1. e4 e5 2. Nf3 d6 3. c3 Nf6 4. d3 Bg4 5. Be2 Be7 6. O-O O-O 7. Nbd2 Nbd7 8. b4
c6 9. Bb2 b5 10. Re1 Re8 11. a4 a6 12. d4 Qc7 13. Qc2 Rad8 14. c4 Qb6 15. dxe5
dxe5 16. c5 Qc7 17. Qc3 Bxf3 18. Bxf3 Bf8 19. Nf1 g6 20. Bc1 Bg7 21. Bg5 h6 22.
Bd2 Nf8 23. Qc1 Kh7 24. Bc3 Ne6 25. axb5 axb5 26. Qc2 Nd4 27. Bxd4 Rxd4 28. Qb2
Rdd8 29. Ra6 Nd7 30. Rea1 Rb8 31. Qa2 Kg8 32. Ra7 Rb7 33. Rxb7 Qxb7 34. Qa7 Qc8
35. Bg4 Re7 36. Rd1 Nf6 37. Qxe7 Qxg4 38. Rd8+ Kh7 39. Qxf7 Qxe4 40. Rc8 Qd5
41. Rc7 Qxf7 42. Rxf7 Nd5 43. Nd2 Nxb4 44. Rc7 Kg8 45. Nb3 Bf8 46. Na5 Bxc5 47.
Nxc6 Bd6 48. Rc8+ Kf7 49. Nxb4 Bxb4 50. Rb8 Bc3 51. Rxb5 Kf6 52. Kf1 g5 53. Ke2
Kf5 54. h3 Kg6 55. Rb6+ Kg7 56. f3 Bd4 57. Ra6 h5 58. Kd3 Bf2 59. Ke4 Bg3 60.
Kf5 Bf4 61. Ra7+ Kf8 62. Kg6 h4 63. Kf6 Ke8 64. Re7+ Kf8 65. Rg7 e4 66. fxe4
Be5+ 67. Kxe5 Kxg7 68. Kf5 1-0

[Event "BPB Limburg-open C"]
[Site "Maastricht"]
[Date "2015.05.25"]
[Round "7"]
[White "Slangen-Knuit, Dien"]
[Black "Harder, Cindy"]
[Result "1-0"]
[WhiteElo "1033"]
[BlackElo "900"]
[PlyCount "91"]
[EventDate "2015.05.22"]
[EventType "swiss"]
[EventRounds "7"]
[EventCountry "NED"]
[Source "P.Boonen"]
[SourceDate "2015.01.01"]

1. d4 c5 2. e3 Nc6 3. c4 Qa5+ 4. Nc3 cxd4 5. exd4 e5 6. d5 Nd4 7. Bd2 Bc5 8.
Ne4 Bb4 9. Nd6+ Ke7 10. Ne4 Qb6 11. d6+ Bxd6 12. c5 Bxc5 13. Nxc5 Qxc5 14. a3
d5 15. Bb4 Qxb4+ 16. axb4 Nf6 17. Rc1 Re8 18. Rc7+ Kf8 19. Qc1 Nb3 20. Qe3 Na1
21. Bb5 Nc2+ 22. Rxc2 Bd7 23. Bxd7 Nxd7 24. Nf3 f6 25. O-O e4 26. Nd4 Ne5 27.
Nb5 Ng4 28. Qc5+ Re7 29. Qxd5 Re5 30. Qd6+ Kf7 31. Rc7+ Kg6 32. h3 Nh6 33. f4
Rxb5 34. f5+ Nxf5 35. Qf4 e3 36. Qg4+ Kh6 37. Rc5 Rxc5 38. bxc5 Re8 39. Qf4+
Kg6 40. Qxf5+ Kf7 41. Qd7+ Kf8 42. Qxb7 e2 43. Re1 Re7 44. Qxe7+ Kxe7 45. Rxe2+
Kf7 46. c6 1-0

[Event "BPB Limburg-open C"]
[Site "Maastricht"]
[Date "2015.05.25"]
[Round "7"]
[White "Sleurs, Juliette"]
[Black "Mestrom, Sterre"]
[Result "1-0"]
[WhiteElo "1446"]
[BlackElo "1312"]
[PlyCount "153"]
[EventDate "2015.05.22"]
[EventType "swiss"]
[EventRounds "7"]
[EventCountry "NED"]
[Source "P.Boonen"]
[SourceDate "2015.01.01"]

1. e4 d6 2. d4 g6 3. h3 Bg7 4. Nf3 Nf6 5. Nc3 O-O 6. Bc4 e6 7. Bb3 Bd7 8. Bg5
Qc8 9. O-O Nc6 10. Re1 e5 11. Bxf6 Bxf6 12. d5 Ne7 13. Ne2 b5 14. Ng3 a5 15. a4
b4 16. Qd3 Qa6 17. Qxa6 Rxa6 18. Re3 c6 19. Rd3 cxd5 20. Bxd5 Nxd5 21. Rxd5 Be6
22. Rd3 Rc8 23. Rc1 Rac6 24. Ne1 Bc4 25. Rf3 Bg5 26. Rd1 Bf4 27. b3 Be6 28.
Rfd3 Rd8 29. Kh2 h5 30. Kg1 h4 31. Ne2 Bg5 32. Kh1 Be7 33. Ng1 Rc7 34. Ngf3
Rcd7 35. Kg1 Bf6 36. R1d2 d5 37. exd5 Rxd5 38. Rxd5 Rxd5 39. Rxd5 Bxd5 40. Nd2
e4 41. Nc4 Bxc4 42. bxc4 Bc3 43. Kf1 f5 44. f3 Bxe1 45. Kxe1 exf3 46. gxf3 Kf7
47. f4 Kf6 48. Kf2 g5 49. fxg5+ Kxg5 50. Kf3 f4 51. Ke4 f3 52. Kxf3 Kf5 53. Ke3
Ke5 54. Kd3 Kd6 55. Kd4 Kc6 56. c5 Kd7 57. Kd5 Kc7 58. c6 Kc8 59. Kc5 Kc7 60.
Kb5 Kb8 61. Kb6 b3 62. cxb3 Ka8 63. Kxa5 Kb8 64. Kb6 Ka8 65. Kc7 Ka7 66. Kd8
Kb6 67. c7 Ka5 68. c8=Q Kb4 69. Qc7 Ka3 70. b4 Kxb4 71. Qb6+ Kxa4 72. Kc7 Ka3
73. Kc6 Ka2 74. Kc5 Ka1 75. Kc4 Ka2 76. Kc3 Ka1 77. Qb2# 1-0

[Event "BPB Limburg-open C"]
[Site "Maastricht"]
[Date "2015.05.25"]
[Round "7"]
[White "Steinhart, Roel"]
[Black "Mohammadi Nia, Borna"]
[Result "0-1"]
[WhiteElo "1564"]
[BlackElo "1241"]
[PlyCount "108"]
[EventDate "2015.05.22"]
[EventType "swiss"]
[EventRounds "7"]
[EventCountry "NED"]
[Source "P.Boonen"]
[SourceDate "2015.01.01"]

1. e4 e6 2. c3 d5 3. exd5 exd5 4. Bb5+ c6 5. Ba4 Bd6 6. d4 Ne7 7. h3 Bf5 8. Nf3
Nd7 9. Ng5 h6 10. Nf3 g5 11. Qe2 Qc7 12. g4 Be6 13. Bc2 O-O-O 14. a4 Rde8 15.
Kf1 Ng6 16. Bxg6 fxg6 17. b4 Bxg4 18. Qd3 Bxf3 19. Qxf3 Rhf8 20. Qd3 Bg3 21. f3
Re1+ 22. Kg2 Rxh1 23. Kxh1 Bh2 24. Qe2 Bf4 25. Ba3 Nf6 26. Qe6+ Qd7 27. Qxd7+
Kxd7 28. b5 Re8 29. bxc6+ bxc6 30. c4 Re1+ 31. Kg2 dxc4 32. Bb4 Re2+ 33. Kf1
Rh2 34. Kg1 Rxh3 35. Kg2 Rg3+ 36. Kf2 g4 37. Nd2 Bxd2 38. Kxg3 Bxb4 39. fxg4
Bc3 40. Rd1 Ke6 41. Kf3 Kd5 42. Kf4 Bxd4 43. g5 Nh7 44. gxh6 c5 45. a5 Kc6 46.
Rb1 Bc3 47. a6 Bd2+ 48. Ke4 Bxh6 49. Rb7 Nf6+ 50. Ke5 Nd7+ 51. Ke6 c3 52. Rxa7
c2 53. Rc7+ Kxc7 54. a7 Kb7 0-1

[Event "BPB Limburg-open C"]
[Site "Maastricht"]
[Date "2015.05.25"]
[Round "7"]
[White "Uiterwijk, Jos"]
[Black "Michielsen, Lies"]
[Result "1-0"]
[WhiteElo "1622"]
[BlackElo "1150"]
[PlyCount "65"]
[EventDate "2015.05.22"]
[EventType "swiss"]
[EventRounds "7"]
[EventCountry "NED"]
[Source "P.Boonen"]
[SourceDate "2015.01.01"]

1. e4 c5 2. Nf3 d6 3. d4 cxd4 4. Nxd4 Nf6 5. Nc3 g6 6. Be2 Bg7 7. Be3 Bd7 8.
O-O Nc6 9. f3 Rc8 10. Bb5 Qb6 11. Nf5 Qa5 12. Nxg7+ Kf8 13. Bh6 Kg8 14. Kh1 a6
15. Bxc6 Rxc6 16. a3 Rb6 17. b4 Qe5 18. Nd5 Nxd5 19. Qxd5 Qxd5 20. exd5 Rb5 21.
c4 Rb6 22. Be3 Kxg7 23. Bd4+ Kg8 24. Bxb6 Kf8 25. c5 dxc5 26. Bxc5 Bb5 27. Rfe1
Kg7 28. Bd4+ f6 29. Rxe7+ Kf8 30. Rxb7 Bc4 31. Rc1 Bb5 32. Rc8+ Be8 33. Bc5+
1-0

[Event "BPB Limburg-open C"]
[Site "Maastricht"]
[Date "2015.05.25"]
[Round "7"]
[White "Ulburghs, Piet"]
[Black "Weerts, Rene"]
[Result "0-1"]
[WhiteElo "1667"]
[BlackElo "1603"]
[PlyCount "118"]
[EventDate "2015.05.22"]
[EventType "swiss"]
[EventRounds "7"]
[EventCountry "NED"]
[Source "P.Boonen"]
[SourceDate "2015.01.01"]

1. b3 d6 2. Nf3 e5 3. c4 Nc6 4. e3 Bg4 5. Be2 f5 6. Bb2 Nb4 7. a3 Bxf3 8. axb4
Bxe2 9. Qxe2 Qg5 10. O-O f4 11. exf4 Qxf4 12. d4 e4 13. Nd2 Nf6 14. d5 Kd7 15.
Bd4 a6 16. b5 a5 17. b4 b6 18. bxa5 Rxa5 19. Rxa5 bxa5 20. g3 Qf5 21. f3 e3 22.
Qxe3 Be7 23. Re1 Bd8 24. Qe6+ Qxe6 25. dxe6+ Ke7 26. f4 Re8 27. Nb3 Kf8 28.
Nxa5 c5 29. e7+ Rxe7 30. Rxe7 cxd4 31. Ra7 d3 32. Nb3 d2 33. Nxd2 Bb6+ 34. Kg2
Bxa7 35. Kf3 d5 36. cxd5 Nxd5 37. Nc4 Ke7 38. g4 Bb8 39. b6 Nxf4 40. h4 Ng6 41.
h5 Ne5+ 42. Nxe5 Bxe5 43. Ke4 Bh2 44. Kf5 Kd7 45. g5 Ke7 46. h6 g6+ 47. Ke4 Ke6
48. Kd3 Kf5 49. Kc4 Kxg5 50. Kd5 Kxh6 51. b7 Kg5 52. Ke6 h5 53. Kd5 Kg4 54. Ke4
Kh3 55. Ke3 g5 56. Kf2 h4 57. Kf1 g4 58. Ke2 Kg2 59. Ke1 Bg3+ 0-1

[Event "BPB Limburg-open C"]
[Site "Maastricht"]
[Date "2015.05.25"]
[Round "7"]
[White "Valembois, Pierre"]
[Black "Kutchoukov, Thomas"]
[Result "1-0"]
[WhiteElo "1203"]
[BlackElo "900"]
[PlyCount "37"]
[EventDate "2015.05.22"]
[EventType "swiss"]
[EventRounds "7"]
[EventCountry "NED"]
[Source "P.Boonen"]
[SourceDate "2015.01.01"]

1. d4 Nf6 2. Nf3 e6 3. e3 Nc6 4. a3 d5 5. Bd3 Bd6 6. b3 O-O 7. Nbd2 Bd7 8. Bb2
Qe7 9. Qe2 Rfe8 10. O-O Rad8 11. Ne5 g6 12. f4 Kg7 13. Rf3 Rg8 14. Rh3 Kh8 15.
Rf1 Qf8 16. g4 Qg7 17. Rf2 Be8 18. Rg2 a6 19. Ndf3 {.....} 1-0

[Event "BPB Limburg-open C"]
[Site "Maastricht"]
[Date "2015.05.25"]
[Round "7"]
[White "Van Dalen, Maiko"]
[Black "Oxener, Aldo"]
[Result "1-0"]
[WhiteElo "1381"]
[BlackElo "1533"]
[PlyCount "56"]
[EventDate "2015.05.22"]
[EventType "swiss"]
[EventRounds "7"]
[EventCountry "NED"]
[Source "P.Boonen"]
[SourceDate "2015.01.01"]

1. e4 c5 2. c4 d6 3. Nc3 Nf6 4. d3 e6 5. g3 Be7 6. Bg2 O-O 7. Nge2 Nbd7 8. Bd2
Rb8 9. a4 Ne5 10. Bf4 Nc6 11. O-O e5 12. Be3 Bg4 13. Qd2 Nd4 14. Bxd4 cxd4 15.
Nd5 Nxd5 16. cxd5 Rc8 17. Rfc1 Rc5 18. Bf1 Bf3 19. Qe1 Qd7 20. Bg2 Qg4 21. Bxf3
Qxf3 22. Rd1 Rc2 23. Rd2 Rfc8 24. Rc1 Rxc1 25. Nxc1 Bg5 26. Rd1 Rc2 27. Qf1
Rxf2 28. Qxf2 Be3 1-0

[Event "BPB Limburg-open C"]
[Site "Maastricht"]
[Date "2015.05.25"]
[Round "7"]
[White "Van Foreest, Machteld"]
[Black "Mitran, Marie"]
[Result "1-0"]
[WhiteElo "1420"]
[BlackElo "1546"]
[PlyCount "49"]
[EventDate "2015.05.22"]
[EventType "swiss"]
[EventRounds "7"]
[EventCountry "NED"]
[Source "P.Boonen"]
[SourceDate "2015.01.01"]

1. e4 e5 2. Nf3 Nc6 3. Bc4 Bc5 4. c3 Nf6 5. d3 d6 6. Bb3 Bg4 7. Nbd2 O-O 8. Nf1
h6 9. Ng3 Ne7 10. h3 Be6 11. O-O Ng6 12. Be3 Bb6 13. d4 exd4 14. cxd4 Bd7 15.
e5 dxe5 16. dxe5 Nh7 17. Qc2 Ne7 18. Rad1 Qc8 19. Nd4 Nc6 20. Nxc6 Bxc6 21. Qg6
Kh8 22. Bxf7 Be8 23. e6 Bxf7 24. exf7 Nf6 25. Nf5 1-0

[Event "BPB Limburg-open C"]
[Site "Maastricht"]
[Date "2015.05.25"]
[Round "7"]
[White "Van Wijnendaele, Jovanni"]
[Black "Hillenkamp, Melchior"]
[Result "1-0"]
[WhiteElo "1593"]
[BlackElo "1603"]
[PlyCount "113"]
[EventDate "2015.05.22"]
[EventType "swiss"]
[EventRounds "7"]
[EventCountry "NED"]
[Source "P.Boonen"]
[SourceDate "2015.01.01"]

1. d4 Nf6 2. Nc3 g6 3. e4 d6 4. f3 Bg7 5. Be3 O-O 6. Qd2 e5 7. Nge2 Nc6 8. d5
Ne7 9. g4 c6 10. dxc6 bxc6 11. g5 Nh5 12. O-O-O f5 13. Qxd6 Qxd6 14. Rxd6 fxe4
15. fxe4 Nf4 16. Ng3 Bg4 17. Bc4+ Kh8 18. Bc5 Rfc8 19. Nge2 Nxe2+ 20. Nxe2 Bf3
21. Rf1 Bxe4 22. Rd7 Nf5 23. Nc3 Bg2 24. Rf2 Bh3 25. Rd3 Bg4 26. h3 Bh5 27. Ne4
Bf8 28. Bxf8 Rxf8 29. Nf6 Rfd8 30. Rxd8+ Rxd8 31. Nxh5 Ne3 32. Be2 gxh5 33.
Bxh5 Rd4 34. Rh2 e4 35. b3 Rd5 36. h4 Nf5 37. Bg4 e3 38. Bxf5 Rxf5 39. Re2 Re5
40. Kb2 Kg7 41. Kc3 Kg6 42. Kd3 Kh5 43. Rxe3 Rd5+ 44. Ke2 Kxh4 45. Re7 Kxg5 46.
Rxh7 a5 47. Re7 Kf6 48. Re3 Kf5 49. Rd3 Rc5 50. Kd2 Ke6 51. c4 Rh5 52. Kc3 Rh2
53. Rd2 Rh3+ 54. Kb2 Rg3 55. Ka3 Rh3 56. Ka4 Rh5 57. Rd8 1-0

[Event "BPB Limburg-open C"]
[Site "Maastricht"]
[Date "2015.05.25"]
[Round "7"]
[White "Van der Hoeven, Carsten"]
[Black "Bijvank, Kylian"]
[Result "1-0"]
[WhiteElo "1366"]
[BlackElo "1371"]
[PlyCount "99"]
[EventDate "2015.05.22"]
[EventType "swiss"]
[EventRounds "7"]
[EventCountry "NED"]
[Source "P.Boonen"]
[SourceDate "2015.01.01"]

1. e4 c5 2. Nf3 Nc6 3. d4 cxd4 4. Nxd4 e6 5. Nc3 a6 6. Be3 Qc7 7. Qd2 Nf6 8.
Be2 Bb4 9. a3 Bxc3 10. Qxc3 Nxe4 11. Qd3 d5 12. Bf3 O-O 13. Bxe4 Ne5 14. Bxh7+
Kh8 15. Qe2 Kxh7 16. Bf4 f6 17. O-O-O g6 18. h4 Qc4 19. Rhe1 Qxe2 20. Rxe2 Ng4
21. Nxe6 Bxe6 22. Rxe6 Nxf2 23. Rxd5 Rad8 24. Re7+ Kg8 25. Red7 Rxd7 26. Rxd7
Rf7 27. Rd2 Ne4 28. Re2 Re7 29. b4 Kf7 30. Kb2 Re6 31. Re3 Nd6 32. Rxe6 Kxe6
33. Bxd6 Kxd6 34. c4 Ke5 35. b5 Kd4 36. bxa6 bxa6 37. Kb3 f5 38. Kb4 f4 39. c5
Kd5 40. a4 a5+ 41. Kb5 Kd4 42. c6 Ke3 43. c7 Kf2 44. c8=Q Kxg2 45. Qg4+ Kh2 46.
Qxf4+ Kh3 47. Kc4 Kg2 48. Kd3 Kh3 49. Qg5 Kh2 50. Ke3 1-0

[Event "BPB Limburg-open C"]
[Site "Maastricht"]
[Date "2015.05.25"]
[Round "7"]
[White "Vos, Wolfgang"]
[Black "Wolters, Vincent"]
[Result "1/2-1/2"]
[WhiteElo "1578"]
[BlackElo "1654"]
[PlyCount "72"]
[EventDate "2015.05.22"]
[EventType "swiss"]
[EventRounds "7"]
[EventCountry "NED"]
[Source "P.Boonen"]
[SourceDate "2015.01.01"]

1. d4 Nf6 2. Nf3 d5 3. e3 e6 4. Bd3 c5 5. c3 Be7 6. Nbd2 c4 7. Bc2 O-O 8. e4
dxe4 9. Nxe4 Qd5 10. Nxf6+ Bxf6 11. O-O Nc6 12. Re1 Ne7 13. Be4 Qd7 14. Bg5
Bxg5 15. Nxg5 h6 16. Nf3 Nd5 17. Ne5 Qc7 18. Qe2 b5 19. Rad1 Bb7 20. Qf3 Rab8
21. g4 Nf6 22. Bxb7 Qxb7 23. Qh3 Nd7 24. g5 hxg5 25. Re3 f5 26. Ng6 Rf6 27.
Qh8+ Kf7 28. Qh5 Rxg6 29. Rxe6 Kxe6 30. Qxg6+ Nf6 31. Re1+ Kd6 32. Qxf5 Re8 33.
Qc5+ Kd7 34. Qf5+ Kd6 35. Qc5+ Kd7 36. Qf5+ Kd6 1/2-1/2

[Event "BPB Limburg-open C"]
[Site "Maastricht"]
[Date "2015.05.25"]
[Round "7"]
[White "Weidema, Luuk"]
[Black "Muntean, Adrian"]
[Result "1/2-1/2"]
[WhiteElo "1189"]
[BlackElo "1237"]
[PlyCount "98"]
[EventDate "2015.05.22"]
[EventType "swiss"]
[EventRounds "7"]
[EventCountry "NED"]
[Source "P.Boonen"]
[SourceDate "2015.01.01"]

1. f4 d5 2. b3 Nc6 3. Nf3 Bf5 4. Bb2 f6 5. e3 Qd6 6. Ba3 Qe6 7. Be2 O-O-O 8.
Bb2 Nh6 9. h3 Nf7 10. Nh4 g6 11. Nxf5 gxf5 12. Bf3 d4 13. Bxc6 bxc6 14. Qe2
dxe3 15. Qxe3 Qe4 16. Qxe4 fxe4 17. Nc3 Rg8 18. g4 Bh6 19. Rf1 e5 20. Nxe4 Bxf4
21. O-O-O Rg6 22. Nc5 Rd6 23. Ne4 Rd5 24. Rf3 Ng5 25. Nxg5 Bxg5 26. a4 e4 27.
Rc3 f5 28. gxf5 Rxf5 29. Ba3 Rf2 30. Bc5 Rh2 31. Bxa7 Kb7 32. Bd4 h6 33. Rc4
Be7 34. Be5 Re2 35. Kb2 Rgg2 36. Bf4 h5 37. a5 Rgf2 38. a6+ Kxa6 39. Rxc6+ Kb5
40. Rxc7 Bf6+ 41. Ka3 Rxf4 42. b4 Rf3+ 43. c3 Rxh3 44. Kb3 Rhh2 45. Rf7 Rhf2
46. Rd7 h4 47. Rd6 Rf3 48. Ra1 Bd8 49. Rxd8 Kc6 1/2-1/2

[Event "BPB Limburg-open C"]
[Site "Maastricht"]
[Date "2015.05.25"]
[Round "7"]
[White "Weynjes, Tim"]
[Black "Bijvank, Evelyn"]
[Result "1-0"]
[WhiteElo "1233"]
[BlackElo "900"]
[PlyCount "56"]
[EventDate "2015.05.22"]
[EventType "swiss"]
[EventRounds "7"]
[EventCountry "NED"]
[Source "P.Boonen"]
[SourceDate "2015.01.01"]

1. e4 e5 2. d4 Nc6 3. d5 Nb4 4. a3 Na6 5. Nf3 d6 6. Bc4 Nc5 7. Nc3 Nf6 8. Bg5
h6 9. Bxf6 Qxf6 10. O-O Qg6 11. Re1 Bh3 12. Nh4 Qg5 13. g3 O-O-O 14. Qf3 Rd7
15. b4 Na6 16. Bb5 Re7 17. Be2 Qd2 18. g4 Bxg4 19. Qxg4+ Kd8 20. Nf5 Re8 21.
Nb5 h5 22. Qh4+ g5 23. Qg3 f6 24. Qf3 Qxc2 25. Rec1 Qb2 26. Ne3 Be7 27. Nc4 g4
28. Qe3 Qxa1 1-0

[Event "BPB Limburg-open C"]
[Site "Maastricht"]
[Date "2015.05.25"]
[Round "7"]
[White "Zheng, Mandy"]
[Black "De Goede, Jose"]
[Result "0-1"]
[WhiteElo "900"]
[BlackElo "952"]
[PlyCount "86"]
[EventDate "2015.05.22"]
[EventType "swiss"]
[EventRounds "7"]
[EventCountry "NED"]
[Source "P.Boonen"]
[SourceDate "2015.01.01"]

1. e4 e5 2. Nf3 Nc6 3. Bb5 Nge7 4. O-O a6 5. Bxc6 Nxc6 6. d3 Bc5 7. Bg5 Be7 8.
Bxe7 Qxe7 9. Nc3 Qd8 10. Nd5 O-O 11. Qd2 d6 12. g3 Bg4 13. Nh4 Nd4 14. Qc3 Ne2+
15. Kh1 Nxc3 16. bxc3 c6 17. Ne3 Be6 18. Rab1 b5 19. Nhf5 Bxf5 20. Nxf5 Qf6 21.
g4 d5 22. Rg1 Qg5 23. h4 Qf4 24. Nd6 Qf3+ 25. Kh2 Qxf2+ 26. Rg2 Qxh4+ 27. Kg1
Rad8 28. Nf5 Qg5 29. Rf2 Qxg4+ 30. Kh1 dxe4 31. dxe4 Qxe4+ 32. Kg1 Qg4+ 33. Kh2
Rd2 34. Rg1 Qh5+ 35. Kg2 Qg5+ 36. Kf1 Rd1+ 37. Ke2 Qd2+ 38. Kf3 Qd5+ 39. Ke2
Rxg1 40. Ne3 Qe4 41. Kd2 Rd8+ 42. Ke2 Rg3 43. Rf1 Qxe3# 0-1